Statistics for TEXAS QUIZ!!!!

Click here to take the quiz!

General Stats

  • This quiz has been taken 24 times
  • The average score is 3 of 8

Answer Stats

Texas HintTexas Answer% Correct
Capital of TexasAustin
100%
Nba Team in TexasDallas Mavericks
71%
NBA Team in TexasHouston Rockets
71%
Governor of TexasGreg Abbott
57%
Did u enjoy this quiz Hint* _y_____ finish the wordYES
19%
Texas Football TeamTexas Longhorns
5%
Wnba Team TexasHouston Comets
0%
Restaurant with the name Texas in it is called?Texas Roundhouse
0%

Score Distribution

Percentile by Number Answered

Percent of People with Each Score

Your Score History

You have not taken this quiz